00482nam a2200169Ia 450000500170000000800410001702000230005804000190008104100120010008200110011224500820012326000290020530000120023465000230024670000330026985000100030220230721095950.0131103s9999 xx 000 0 und d a8187075384cRs.145 aLoreto College aEnglish aFbCHA 2aA Treasury of Bangla StoriescEdited by Mridula Nath Chakraborty and Rani Ray aNew DelhibSrishtic1999 a215 p.  aFiction in English aChakraborty,Mridula Nath;ed. aLCLIB